Dopisz kolejny wers - Mata. - Statystyki

Ogólne statystyki
  • Ten quiz został rozwiązany 709 razy
  • Średni wynik to 5 z 19
Statystyki odpowiedzi
Wers 1 Wers 2 % Poprawnych
Jak będzie trochę cieplej to pojadę se na Zegrze Jak będzie trochę cieplej no to zgolę się na lezbę
54%
Bo nie mogę wstać z kanapy, leci Słoń, leci Kękę Głupim cwaniakom chuj zawsze w szczękę
48%
Mój ziomo bandyta, mój ziomo zoofil, mój ziomo artysta Mój ziomo pedofil, mój ziomo nekrofil, mój ziom intelektualista
48%
I choć gołym okiem widzę, że gdzieś łączy się niebo i ziemia To wciąż jest daleko i bardzo się boję że w końcu opadnę z sił
37%
Już od podstawówki jestem liczbą pi No bo zawsze brakowało mi do czwórki trochę
32%
Idę po hotdoga na Orlenka, do Orlenka Jest kolejka, więc idę se do Cerfa, noc jest piękna
28%
Wszyscy moi ludzie niepoprawni politycznie są Moi ludzie kładą chuja na ten system, bo
28%
A my pijemy to piwo i gramy w volleyball Ktoś smaruje se Plecy Mlekiem, a ktoś Smaruje se Plecy Oliwą
23%
(SB MAFIJA) Wstałem, bo myślałem, że jest 18:46 Na start kanapka, muszę coś zjeść
23%
Do portfela pakuję se kaskę Do walizy pakuję kaska
20%
Ona powiedziała kk, a ja pomyślałem uff Co za fuks, zadziałał blef ten
19%
(ROMANTICPSYCHO) Chwile bez powtórek, sędzia nie dyktuje VARu Mamy czerwone źrenice jak ulice Amsterdamu
19%
No cóż, przecież nie mogliśmy płakać o szmatach Przez takie jedno powiedzenie o płaczących chłopakach
15%
Jak grałem sobie w FUTa to śmigałem Sadio Mane Grałem sobie w LOLa wybierałem tę Morganę
14%
I w sumie to niezła jest beczka Bo mój fiut ma czternaście i pół centymetra, kurwo, zapamiętaj
13%
Nasz związek to był spory sekret Ziomy Johnny Bravo, Ed, Edd, Eddy no i Dexter
13%
Palę se Amsterdam Chociaż w sumie nie znam pochodzenia tego ścierwa
9%
Baristka się uśmiecha, no bo Jest uprzejma Że jestem stulejarzem, to se myśle Że chce mnie poderwać
7%
Byłem w Paryżu w muzeum I się gapiłem na cipę, myśląc Sobie o tym Co potrafimy językiem
6%
Nie znaleziono quizów pasujących do podanych kryteriów
Rozkład punktacji
Procent ludzi z każdym wynikiem
Percentyl według liczby udzielonych odpowiedzi
Twoja historia wyników
Nie rozwiązałeś tego quizu